| 000 | 00453nam a2200181Ia 4500 | ||
|---|---|---|---|
| 001 | 23075 | ||
| 005 | 20260414150913.0 | ||
| 008 | 260414t2018||||xx |||||||||||||| ||spa|| | ||
| 041 | _aESP | ||
| 082 |
_a624.1834 _bG66 |
||
| 100 |
_aGonzález Cuevas, Óscar M. _eAUT |
||
| 245 | 0 |
_aAspectos fundamentales del concreto reforzado _b |
|
| 260 | _c2018 | ||
| 300 |
_a802 páginas : _c26 cm. |
||
| 650 | _a0 | ||
| 654 | _aCIC | ||
| 942 |
_cLIB _dJUS _fJUS _2ddc _n |
||
| 999 |
_c23075 _d23075 |
||